000 00313nam a22001097a 4500
082 _a621.381 MIT'P
100 _aMITHAL, G. K ,VANWASKI, A. K
_957285
245 _aPULSE AND DIGITAL ELECTRONICS ,A TEXT BOOK OF ENGINEERING STUDIES
260 _aDELHI
_bKHANNA PUBLISHERS
_c1981
300 _aVI, 1154P
942 _cBK
999 _c567581
_d567581